[Event "Moscow Open 2016 A"]
[Site "?"]
[Date "2016.02.04"]
[Round "6.18"]
[White "Kozionov, Kirill"]
[Black "Kornev, Alexei"]
[Result "1/2-1/2"]
[BlackElo "2517"]
[WhiteElo "2416"]
[LiveChessVersion "1.4.7"]

1. e4 {[%clk 1:30:57]} e6 {[%clk 1:29:15]} 2. d4 {[%clk 1:24:29]} d5
{[%clk 1:28:21]} 3. Nd2 {[%clk 1:22:39]} Nf6 {[%clk 1:26:36]} 4. Bd3
{[%clk 1:11:08]} c5 {[%clk 1:26:48]} 5. c3 {[%clk 1:10:22]} cxd4 {[%clk 1:26:55]}
6. cxd4 {[%clk 1:10:38]} dxe4 {[%clk 1:27:19]} 7. Nxe4 {[%clk 1:11:02]} Nxe4
{[%clk 1:27:26]} 8. Bxe4 {[%clk 1:11:27]} Bb4+ {[%clk 1:27:48]} 9. Bd2
{[%clk 1:11:47]} Bxd2+ {[%clk 1:28:09]} 10. Qxd2 {[%clk 1:12:13]} O-O
{[%clk 1:28:21]} 11. Nf3 {[%clk 1:11:46]} Nd7 {[%clk 1:28:16]} 12. Ne5
{[%clk 1:10:30]} Nf6 {[%clk 1:24:17]} 13. Bf3 {[%clk 1:10:30]} Qb6
{[%clk 1:24:32]} 14. O-O {[%clk 1:09:34]} Rd8 {[%clk 1:24:08]} 15. Rfd1
{[%clk 1:09:32]} Bd7 {[%clk 1:12:42]} 16. Rac1 {[%clk 1:07:41]} Ba4
{[%clk 1:08:57]} 17. b3 {[%clk 1:06:38]} Be8 {[%clk 1:09:20]} 18. Nc4
{[%clk 0:45:57]} Qa6 {[%clk 1:07:51]} 19. Qa5 {[%clk 0:29:22]} Bb5
{[%clk 1:06:31]} 20. Qxa6 {[%clk 0:29:03]} Bxa6 {[%clk 1:06:52]} 21. Ne3
{[%clk 0:28:18]} Rac8 {[%clk 1:05:45]} 22. Rxc8 {[%clk 0:26:53]} Rxc8
{[%clk 1:06:07]} 23. h4 {[%clk 0:26:24]} Kf8 {[%clk 1:04:31]} 24. Kh2
{[%clk 0:26:10]} Ke7 {[%clk 1:01:23]} 25. Kg3 {[%clk 0:25:17]} h6
{[%clk 0:58:02]} 26. Kf4 {[%clk 0:22:25]} Kd6 {[%clk 0:56:51]} 27. g4
{[%clk 0:22:02]} Rc3 {[%clk 0:53:24]} 28. g5 {[%clk 0:19:59]} hxg5+
{[%clk 0:51:11]} 29. hxg5 {[%clk 0:19:38]} Nd7 {[%clk 0:51:28]} 30. Bh5
{[%clk 0:07:12]} g6 {[%clk 0:48:16]} 31. Bf3 {[%clk 0:07:07]} Nb6
{[%clk 0:42:05]} 32. Be4 {[%clk 0:04:49]} Nd5+ {[%clk 0:40:16]} 33. Bxd5
{[%clk 0:05:01]} exd5 {[%clk 0:40:40]} 34. Rh1 {[%clk 0:01:59]} Bb5
{[%clk 0:39:32]} 35. Rd1 {[%clk 0:01:45]} b6 {[%clk 0:35:32]} 36. Rd2
{[%clk 0:01:41]} Bd7 {[%clk 0:35:34]} 37. Ng4 {[%clk 0:00:40]} Bxg4
{[%clk 0:33:51]} 38. Kxg4 {[%clk 0:01:07]} a5 {[%clk 0:34:03]} 39. Kf4
{[%clk 0:00:39]} b5 {[%clk 0:31:56]} 40. Kg4 {[%clk 0:30:32]} Rc1
{[%clk 0:58:08]} 41. Kf4 {[%clk 0:28:56]} b4 {[%clk 0:57:39]} 42. Re2
{[%clk 0:28:03]} Rd1 {[%clk 0:56:05]} 43. Ke3 {[%clk 0:28:13]} Rc1
{[%clk 0:54:24]} 44. Kf4 {[%clk 0:26:57]} Rc8 {[%clk 0:53:10]} 45. Kg4
{[%clk 0:25:02]} Rc3 {[%clk 0:51:26]} 46. Rd2 {[%clk 0:23:06]} a4
{[%clk 0:45:50]} 47. bxa4 {[%clk 0:22:37]} Ra3 {[%clk 0:45:23]} 48. f4
{[%clk 0:15:32]} Rxa4 {[%clk 0:43:50]} 1/2-1/2

[Event "Moscow Open 2016 A"]
[Site "?"]
[Date "2016.02.05"]
[Round "7.1"]
[White "Timofeev, Artyom"]
[Black "Eliseev, Urii"]
[Result "1-0"]
[BlackElo "2582"]
[WhiteElo "2570"]
[LiveChessVersion "1.4.7"]

1. e4 {[%clk 1:30:55]} c5 {[%clk 1:28:54]} 2. Nf3 {[%clk 1:31:16]} Nc6
{[%clk 1:29:14]} 3. d4 {[%clk 1:31:26]} cxd4 {[%clk 1:29:21]} 4. Nxd4
{[%clk 1:31:48]} Nf6 {[%clk 1:29:22]} 5. Nc3 {[%clk 1:32:09]} d6 {[%clk 1:29:47]}
6. Bg5 {[%clk 1:32:14]} e6 {[%clk 1:29:29]} 7. Qd2 {[%clk 1:32:31]} a6
{[%clk 1:29:46]} 8. O-O-O {[%clk 1:32:36]} Bd7 {[%clk 1:29:59]} 9. f4
{[%clk 1:32:34]} b5 {[%clk 1:30:23]} 10. Bxf6 {[%clk 1:32:32]} gxf6
{[%clk 1:30:45]} 11. Kb1 {[%clk 1:32:22]} Qb6 {[%clk 1:31:08]} 12. Nxc6
{[%clk 1:32:22]} Bxc6 {[%clk 1:31:31]} 13. f5 {[%clk 1:32:23]} b4
{[%clk 1:31:41]} 14. Ne2 {[%clk 1:32:39]} e5 {[%clk 1:32:06]} 15. Ng3
{[%clk 1:32:03]} h5 {[%clk 1:32:29]} 16. Bc4 {[%clk 1:31:39]} h4 {[%clk 1:32:50]}
17. Nf1 {[%clk 1:31:56]} Bxe4 {[%clk 1:33:13]} 18. Qe2 {[%clk 1:31:33]} Bxf5
{[%clk 1:33:34]} 19. Ne3 {[%clk 1:31:03]} Be6 {[%clk 1:33:57]} 20. Nd5
{[%clk 1:22:54]} Bxd5 {[%clk 1:29:06]} 21. Bxd5 {[%clk 1:23:06]} Rc8
{[%clk 1:22:00]} 22. Qg4 {[%clk 1:22:08]} Rc7 {[%clk 1:06:34]} 23. Rhf1
{[%clk 1:09:42]} Rh6 {[%clk 1:06:57]} 24. Rf3 {[%clk 1:03:04]} h3
{[%clk 0:45:17]} 25. Rg3 {[%clk 0:54:08]} a5 {[%clk 0:27:45]} 26. a4
{[%clk 0:36:20]} Qf2 {[%clk 0:26:58]} 27. Bb3 {[%clk 0:25:28]} f5
{[%clk 0:25:52]} 28. Qg8 {[%clk 0:24:22]} hxg2 {[%clk 0:24:10]} 29. Rg7
{[%clk 0:22:09]} Rf6 {[%clk 0:24:18]} 30. Rh7 {[%clk 0:12:29]} d5
{[%clk 0:17:59]} 31. Rh8 {[%clk 0:11:09]} Qc5 {[%clk 0:18:26]} 32. Qxg2
{[%clk 0:11:27]} d4 {[%clk 0:18:31]} 33. Qg7 {[%clk 0:07:41]} Rcc6
{[%clk 0:14:46]} 34. Ka2 {[%clk 0:07:17]} Rce6 {[%clk 0:07:40]} 35. Rg1
{[%clk 0:05:06]} Rh6 {[%clk 0:04:35]} 36. Rg5 {[%clk 0:04:36]} Rxh8
{[%clk 0:03:09]} 37. Qxh8 {[%clk 0:05:01]} Rh6 {[%clk 0:00:47]} 38. Qg8
{[%clk 0:05:24]} Rf6 {[%clk 0:01:15]} 39. Rg7 {[%clk 0:02:31]} Qe7
{[%clk 0:00:45]} 40. h4 {[%clk 0:32:45]} f4 {[%clk 0:30:32]} 41. h5
{[%clk 0:30:57]} f3 {[%clk 0:23:28]} 42. h6 {[%clk 0:24:29]} f2 {[%clk 0:22:50]}
43. h7 {[%clk 0:24:18]} f1=Q {[%clk 0:22:41]} 44. h8=Q {[%clk 0:24:40]} d3
{[%clk 0:17:08]} 45. Rg1 {[%clk 0:15:05]} Qf3 {[%clk 0:12:13]} 46. Rg3
{[%clk 0:12:54]} Qc6 {[%clk 0:06:00]} 47. Rxd3 {[%clk 0:10:45]} Rg6
{[%clk 0:05:20]} 48. Qxe5 {[%clk 0:10:44]} Qd8 {[%clk 0:02:36]} 1-0

[Event "Moscow Open 2016 A"]
[Site "?"]
[Date "2016.02.05"]
[Round "7.2"]
[White "Korobov, Anton"]
[Black "Inarkiev, Ernesto"]
[Result "1/2-1/2"]
[BlackElo "2676"]
[WhiteElo "2710"]
[LiveChessVersion "1.4.7"]

1. d4 {[%clk 1:30:57]} Nf6 {[%clk 1:29:41]} 2. c4 {[%clk 1:31:20]} e6
{[%clk 1:30:07]} 3. Nc3 {[%clk 1:31:44]} Bb4 {[%clk 1:30:33]} 4. e3
{[%clk 1:32:07]} O-O {[%clk 1:30:59]} 5. Bd3 {[%clk 1:32:33]} c5 {[%clk 1:31:25]}
6. Nf3 {[%clk 1:32:46]} d5 {[%clk 1:31:47]} 7. O-O {[%clk 1:33:08]} cxd4
{[%clk 1:31:55]} 8. exd4 {[%clk 1:33:32]} dxc4 {[%clk 1:32:21]} 9. Bxc4
{[%clk 1:33:54]} b6 {[%clk 1:32:45]} 10. Bg5 {[%clk 1:32:33]} Bb7
{[%clk 1:32:58]} 11. Re1 {[%clk 1:32:45]} h6 {[%clk 1:31:48]} 12. Bh4
{[%clk 1:31:44]} Nc6 {[%clk 1:32:09]} 13. a3 {[%clk 1:23:17]} Be7
{[%clk 1:31:44]} 14. Bg3 {[%clk 1:23:30]} Rc8 {[%clk 1:29:41]} 15. Ba2
{[%clk 1:12:38]} Bd6 {[%clk 1:20:29]} 16. Bh4 {[%clk 0:59:50]} g5
{[%clk 1:09:27]} 17. Bg3 {[%clk 0:51:22]} Bxg3 {[%clk 1:09:41]} 18. hxg3
{[%clk 0:51:09]} Kg7 {[%clk 1:01:12]} 19. d5 {[%clk 0:47:55]} exd5
{[%clk 1:01:21]} 20. Nxd5 {[%clk 0:45:14]} Nxd5 {[%clk 0:58:45]} 21. Bxd5
{[%clk 0:40:17]} Qf6 {[%clk 0:55:13]} 22. Qe2 {[%clk 0:27:45]} Rfd8
{[%clk 0:47:27]} 23. Rad1 {[%clk 0:24:45]} Rd6 {[%clk 0:36:46]} 24. Nh2
{[%clk 0:22:00]} Rxd5 {[%clk 0:24:17]} 25. Rxd5 {[%clk 0:20:45]} Nd4
{[%clk 0:24:41]} 26. Rxd4 {[%clk 0:17:37]} Qxd4 {[%clk 0:25:06]} 27. Ng4
{[%clk 0:18:03]} Rd8 {[%clk 0:16:54]} 28. Ne3 {[%clk 0:13:52]} Be4
{[%clk 0:14:44]} 29. Rd1 {[%clk 0:10:59]} Qf6 {[%clk 0:15:06]} 30. Rc1
{[%clk 0:11:13]} Bd3 {[%clk 0:13:50]} 31. Qd2 {[%clk 0:11:32]} Bg6
{[%clk 0:13:38]} 32. Qe2 {[%clk 0:10:47]} Bd3 {[%clk 0:12:55]} 33. Qd2
{[%clk 0:09:32]} Bg6 {[%clk 0:13:19]} 34. Qe2 {[%clk 0:09:57]} h5
{[%clk 0:10:57]} 35. b4 {[%clk 0:09:52]} Rd3 {[%clk 0:10:53]} 36. Rd1
{[%clk 0:08:24]} Qd4 {[%clk 0:07:19]} 37. Rxd3 {[%clk 0:08:27]} Qxd3
{[%clk 0:07:43]} 38. Qb2+ {[%clk 0:08:51]} f6 {[%clk 0:08:00]} 39. Kh2
{[%clk 0:09:01]} Qd6 {[%clk 0:04:42]} 40. Kg1 {[%clk 0:39:14]} Qd3
{[%clk 0:34:26]} 41. Kh2 {[%clk 0:39:24]} Qd6 {[%clk 0:34:50]} 42. Kg1
{[%clk 0:39:49]} Qd3 {[%clk 0:35:14]} 43. Kh2 {[%clk 0:40:12]} 1/2-1/2

[Event "Moscow Open 2016 A"]
[Site "?"]
[Date "2016.02.05"]
[Round "7.3"]
[White "Antal, Gergely"]
[Black "Andreev, Eduard"]
[Result "1-0"]
[BlackElo "2458"]
[WhiteElo "2566"]
[LiveChessVersion "1.4.7"]

1. e4 {[%clk 1:30:57]} c5 {[%clk 1:30:53]} 2. Nf3 {[%clk 1:31:23]} d6
{[%clk 1:31:09]} 3. d4 {[%clk 1:31:34]} cxd4 {[%clk 1:31:32]} 4. Qxd4
{[%clk 1:32:00]} Nc6 {[%clk 1:31:12]} 5. Bb5 {[%clk 1:32:23]} a6 {[%clk 1:31:14]}
6. Bxc6+ {[%clk 1:32:45]} bxc6 {[%clk 1:31:39]} 7. O-O {[%clk 1:32:29]} e5
{[%clk 1:31:19]} 8. Qd3 {[%clk 1:32:55]} Nf6 {[%clk 1:30:38]} 9. Rd1
{[%clk 1:33:05]} Qc7 {[%clk 1:30:30]} 10. c4 {[%clk 1:30:41]} Be7
{[%clk 1:29:05]} 11. Bg5 {[%clk 1:12:36]} O-O {[%clk 1:28:08]} 12. Nc3
{[%clk 1:13:03]} Rd8 {[%clk 1:27:54]} 13. Nh4 {[%clk 1:08:40]} Nh5
{[%clk 1:19:16]} 14. Bxe7 {[%clk 1:06:37]} Qxe7 {[%clk 1:19:39]} 15. Nf5
{[%clk 0:53:12]} Bxf5 {[%clk 1:19:41]} 16. exf5 {[%clk 0:53:40]} Nf6
{[%clk 1:17:45]} 17. Qf3 {[%clk 0:47:54]} e4 {[%clk 0:35:17]} 18. Qf4
{[%clk 0:47:40]} Qe5 {[%clk 0:34:56]} 19. Qxe5 {[%clk 0:45:49]} dxe5
{[%clk 0:35:20]} 20. Rxd8+ {[%clk 0:36:46]} Rxd8 {[%clk 0:35:46]} 21. Kf1
{[%clk 0:29:39]} Rd4 {[%clk 0:35:32]} 22. b3 {[%clk 0:30:03]} Kf8
{[%clk 0:34:31]} 23. Rd1 {[%clk 0:28:12]} Ke7 {[%clk 0:29:37]} 24. Ke2
{[%clk 0:20:36]} c5 {[%clk 0:21:51]} 25. h3 {[%clk 0:19:39]} h5 {[%clk 0:22:00]}
26. Rd2 {[%clk 0:18:16]} g6 {[%clk 0:06:29]} 27. fxg6 {[%clk 0:18:10]} fxg6
{[%clk 0:06:55]} 28. Ke3 {[%clk 0:17:18]} g5 {[%clk 0:04:27]} 29. Ne2
{[%clk 0:14:10]} a5 {[%clk 0:04:51]} 30. Nxd4 {[%clk 0:10:51]} exd4+
{[%clk 0:05:16]} 31. Ke2 {[%clk 0:11:19]} Ke6 {[%clk 0:04:42]} 32. a3
{[%clk 0:11:23]} Ne8 {[%clk 0:04:37]} 33. b4 {[%clk 0:08:25]} axb4
{[%clk 0:04:57]} 34. axb4 {[%clk 0:08:52]} Nd6 {[%clk 0:04:38]} 35. bxc5
{[%clk 0:06:20]} d3+ {[%clk 0:05:04]} 36. Ke1 {[%clk 0:06:35]} Nxc4
{[%clk 0:05:14]} 37. Ra2 {[%clk 0:05:54]} Kd5 {[%clk 0:05:08]} 38. Ra8
{[%clk 0:06:02]} Kxc5 {[%clk 0:04:02]} 39. Rg8 {[%clk 0:06:22]} Kd4
{[%clk 0:01:56]} 40. Rxg5 {[%clk 0:35:21]} e3 {[%clk 0:30:39]} 41. fxe3+
{[%clk 0:33:29]} Kxe3 {[%clk 0:28:06]} 42. Rg3+ {[%clk 0:33:21]} Ke4
{[%clk 0:27:43]} 43. Rg8 {[%clk 0:33:09]} Ke3 {[%clk 0:20:02]} 44. Re8+
{[%clk 0:32:43]} Kf4 {[%clk 0:20:24]} 45. Kf2 {[%clk 0:29:22]} Nd6
{[%clk 0:12:45]} 46. g3+ {[%clk 0:28:45]} Kf5 {[%clk 0:12:47]} 47. Rf8+
{[%clk 0:26:45]} Ke5 {[%clk 0:11:33]} 48. Ke3 {[%clk 0:25:50]} d2
{[%clk 0:08:04]} 49. Kxd2 {[%clk 0:24:12]} Ne4+ {[%clk 0:08:25]} 50. Ke3
{[%clk 0:24:13]} Nxg3 {[%clk 0:08:42]} 51. Kf3 {[%clk 0:24:12]} Nf5
{[%clk 0:08:32]} 52. Rh8 {[%clk 0:23:53]} Ng7 {[%clk 0:05:17]} 53. Ra8
{[%clk 0:23:18]} Kf5 {[%clk 0:04:13]} 54. Ra5+ {[%clk 0:23:34]} Kg6
{[%clk 0:04:31]} 55. Ke4 {[%clk 0:23:43]} Ne8 {[%clk 0:04:17]} 56. Kf4
{[%clk 0:21:36]} Nf6 {[%clk 0:03:20]} 57. Ra6 {[%clk 0:21:50]} 1-0

[Event "Moscow Open 2016 A"]
[Site "?"]
[Date "2016.02.05"]
[Round "7.4"]
[White "Badmatsyrenov, Oleg"]
[Black "Seliverstov, Vladimir"]
[Result "1/2-1/2"]
[BlackElo "2449"]
[WhiteElo "2473"]
[LiveChessVersion "1.4.7"]

1. b3 {[%clk 1:30:57]} e5 {[%clk 1:22:31]} 2. Bb2 {[%clk 1:31:19]} Nc6
{[%clk 1:22:51]} 3. e3 {[%clk 1:31:44]} g6 {[%clk 1:21:35]} 4. f4
{[%clk 1:22:46]} Bg7 {[%clk 1:20:40]} 5. Nf3 {[%clk 1:23:02]} d6 {[%clk 1:20:37]}
6. fxe5 {[%clk 1:09:45]} Nxe5 {[%clk 1:17:19]} 7. Nxe5 {[%clk 1:10:06]} dxe5
{[%clk 1:15:27]} 8. Bc4 {[%clk 1:09:33]} Nh6 {[%clk 1:03:24]} 9. O-O
{[%clk 1:08:37]} O-O {[%clk 1:03:45]} 10. Nc3 {[%clk 1:07:54]} Bf5
{[%clk 0:49:57]} 11. Qe2 {[%clk 0:56:52]} Qd7 {[%clk 0:46:08]} 12. e4
{[%clk 0:56:06]} Bg4 {[%clk 0:43:52]} 13. Qe1 {[%clk 0:54:43]} c6
{[%clk 0:44:10]} 14. a4 {[%clk 0:50:32]} Be6 {[%clk 0:42:17]} 15. Bxe6
{[%clk 0:46:48]} Qxe6 {[%clk 0:42:42]} 16. Nd1 {[%clk 0:46:09]} f5
{[%clk 0:42:19]} 17. Qe2 {[%clk 0:41:57]} Kh8 {[%clk 0:33:22]} 18. Ne3
{[%clk 0:25:00]} f4 {[%clk 0:31:21]} 19. Nc4 {[%clk 0:25:20]} Nf7
{[%clk 0:27:16]} 20. a5 {[%clk 0:25:13]} Ng5 {[%clk 0:22:25]} 21. Kh1
{[%clk 0:22:15]} h5 {[%clk 0:20:03]} 22. d3 {[%clk 0:21:02]} h4 {[%clk 0:15:05]}
23. Nd2 {[%clk 0:21:24]} h3 {[%clk 0:15:15]} 24. Nf3 {[%clk 0:18:04]} Nf7
{[%clk 0:14:16]} 25. Rg1 {[%clk 0:16:06]} hxg2+ {[%clk 0:11:52]} 26. Rxg2
{[%clk 0:09:53]} Bh6 {[%clk 0:12:07]} 27. Rag1 {[%clk 0:09:04]} Rg8
{[%clk 0:12:22]} 28. Nh4 {[%clk 0:07:47]} Qf6 {[%clk 0:08:53]} 29. Qg4
{[%clk 0:07:53]} Bg5 {[%clk 0:04:40]} 30. Nf3 {[%clk 0:08:01]} Bh6
{[%clk 0:05:09]} 31. d4 {[%clk 0:06:26]} Kh7 {[%clk 0:04:51]} 32. dxe5
{[%clk 0:06:43]} Qe7 {[%clk 0:05:01]} 33. Rd1 {[%clk 0:06:05]} Rad8
{[%clk 0:04:54]} 34. Rxd8 {[%clk 0:04:49]} Nxd8 {[%clk 0:05:23]} 35. Rd2
{[%clk 0:04:42]} Qe6 {[%clk 0:04:31]} 36. Qxe6 {[%clk 0:01:44]} Nxe6
{[%clk 0:05:00]} 37. b4 {[%clk 0:01:15]} Bf8 {[%clk 0:05:00]} 38. Bc3
{[%clk 0:01:33]} g5 {[%clk 0:05:07]} 39. h3 {[%clk 0:01:59]} Rg7 {[%clk 0:03:25]}
40. Nd4 {[%clk 0:30:47]} Nxd4 {[%clk 0:33:08]} 41. Rxd4 {[%clk 0:31:16]} Re7
{[%clk 0:32:13]} 42. Rd8 {[%clk 0:19:46]} Bg7 {[%clk 0:31:52]} 43. Rb8
{[%clk 0:20:10]} Kg6 {[%clk 0:31:57]} 44. Kg2 {[%clk 0:12:24]} Bxe5
{[%clk 0:25:30]} 45. Bxe5 {[%clk 0:12:49]} Rxe5 {[%clk 0:25:58]} 46. Rxb7
{[%clk 0:08:53]} Rxe4 {[%clk 0:26:27]} 47. c3 {[%clk 0:05:11]} Re2+
{[%clk 0:26:52]} 48. Kf1 {[%clk 0:05:34]} Rc2 {[%clk 0:24:18]} 49. Rxa7
{[%clk 0:05:33]} Kf5 {[%clk 0:23:50]} 50. Re7 {[%clk 0:04:29]} Rxc3
{[%clk 0:24:11]} 51. Kg2 {[%clk 0:04:06]} Rg3+ {[%clk 0:17:31]} 52. Kh2
{[%clk 0:04:35]} Ra3 {[%clk 0:16:10]} 53. Re2 {[%clk 0:03:13]} g4
{[%clk 0:14:45]} 54. hxg4+ {[%clk 0:03:36]} Kxg4 {[%clk 0:15:09]} 55. Re6
{[%clk 0:02:42]} Ra2+ {[%clk 0:13:46]} 1/2-1/2

[Event "Moscow Open 2016 A"]
[Site "?"]
[Date "2016.02.05"]
[Round "7.5"]
[White "Artemiev, Vladislav"]
[Black "Gasanov, Eldar"]
[Result "1/2-1/2"]
[BlackElo "2488"]
[WhiteElo "2673"]
[LiveChessVersion "1.4.7"]

1. Nf3 {[%clk 1:30:50]} Nf6 {[%clk 1:28:47]} 2. c4 {[%clk 1:31:06]} e6
{[%clk 1:28:48]} 3. g3 {[%clk 1:31:18]} d5 {[%clk 1:28:26]} 4. Bg2
{[%clk 1:30:52]} Be7 {[%clk 1:28:01]} 5. O-O {[%clk 1:30:47]} O-O
{[%clk 1:28:11]} 6. b3 {[%clk 1:29:52]} c5 {[%clk 1:26:50]} 7. Bb2
{[%clk 1:28:43]} Nc6 {[%clk 1:24:08]} 8. cxd5 {[%clk 1:25:41]} exd5
{[%clk 1:10:15]} 9. d4 {[%clk 1:25:27]} Ne4 {[%clk 1:05:37]} 10. dxc5
{[%clk 1:14:38]} Bxc5 {[%clk 1:04:09]} 11. e3 {[%clk 1:01:49]} Qe7
{[%clk 0:45:30]} 12. Nc3 {[%clk 0:58:34]} Rd8 {[%clk 0:37:53]} 13. Qc1
{[%clk 0:39:27]} Be6 {[%clk 0:26:24]} 14. Qc2 {[%clk 0:31:17]} Nxc3
{[%clk 0:23:10]} 15. Bxc3 {[%clk 0:29:59]} d4 {[%clk 0:22:40]} 16. exd4
{[%clk 0:28:18]} Nxd4 {[%clk 0:22:55]} 17. Nxd4 {[%clk 0:24:28]} Bxd4
{[%clk 0:23:16]} 18. Bxd4 {[%clk 0:21:36]} Rxd4 {[%clk 0:23:39]} 19. Rfe1
{[%clk 0:20:34]} Rad8 {[%clk 0:22:12]} 20. Bh3 {[%clk 0:19:05]} R4d6
{[%clk 0:20:42]} 21. Qc3 {[%clk 0:11:53]} h6 {[%clk 0:17:08]} 22. Rac1
{[%clk 0:10:23]} Qd7 {[%clk 0:14:01]} 23. Bxe6 {[%clk 0:10:25]} Rxe6
{[%clk 0:14:21]} 24. Rxe6 {[%clk 0:10:37]} Qxe6 {[%clk 0:14:41]} 25. Qa5
{[%clk 0:11:02]} Ra8 {[%clk 0:06:25]} 26. Rc7 {[%clk 0:11:14]} Qe4
{[%clk 0:04:44]} 27. Qa4 {[%clk 0:04:15]} Qxa4 {[%clk 0:02:06]} 28. bxa4
{[%clk 0:04:40]} Rb8 {[%clk 0:02:02]} 29. Kg2 {[%clk 0:03:50]} a5
{[%clk 0:01:55]} 30. Kf3 {[%clk 0:01:21]} b5 {[%clk 0:01:50]} 31. Rc5
{[%clk 0:01:41]} bxa4 {[%clk 0:02:12]} 32. Rxa5 {[%clk 0:02:10]} Rb4
{[%clk 0:02:24]} 33. Ke3 {[%clk 0:00:49]} g5 {[%clk 0:01:56]} 34. Rd5
{[%clk 0:00:44]} Rb2 {[%clk 0:00:59]} 35. Rd2 {[%clk 0:01:10]} a3
{[%clk 0:00:55]} 36. Kd3 {[%clk 0:01:19]} Rb1 {[%clk 0:01:12]} 37. Kc2
{[%clk 0:00:49]} Rb5 {[%clk 0:00:35]} 38. Kd3 {[%clk 0:00:33]} Kg7
{[%clk 0:00:36]} 39. Ke3 {[%clk 0:00:34]} Rb2 {[%clk 0:00:44]} 40. Kd3
{[%clk 0:30:56]} Rb6 {[%clk 0:30:41]} 41. Ke3 {[%clk 0:16:37]} 1/2-1/2

[Event "Moscow Open 2016 A"]
[Site "?"]
[Date "2016.02.05"]
[Round "7.6"]
[White "Kostenko, Petr"]
[Black "Kokarev, Dmitry"]
[Result "0-1"]
[BlackElo "2619"]
[WhiteElo "2449"]
[LiveChessVersion "1.4.7"]

1. e4 {[%clk 1:24:54]} c5 {[%clk 1:30:52]} 2. Nf3 {[%clk 1:25:10]} d6
{[%clk 1:31:15]} 3. Bb5+ {[%clk 1:25:33]} Nd7 {[%clk 1:31:37]} 4. c3
{[%clk 1:25:45]} Ngf6 {[%clk 1:31:09]} 5. Qe2 {[%clk 1:26:11]} a6
{[%clk 1:28:56]} 6. Ba4 {[%clk 1:26:29]} e6 {[%clk 1:19:13]} 7. d4
{[%clk 1:24:03]} Qa5 {[%clk 1:19:07]} 8. Bc2 {[%clk 1:23:50]} cxd4
{[%clk 1:19:25]} 9. Nxd4 {[%clk 1:23:56]} Qh5 {[%clk 1:14:58]} 10. Qxh5
{[%clk 1:22:25]} Nxh5 {[%clk 1:15:15]} 11. c4 {[%clk 1:22:47]} b6
{[%clk 1:13:14]} 12. Nc3 {[%clk 1:23:12]} Bb7 {[%clk 1:13:38]} 13. b3
{[%clk 1:19:39]} Rc8 {[%clk 1:11:22]} 14. Bb2 {[%clk 1:19:11]} Be7
{[%clk 1:11:28]} 15. O-O {[%clk 1:18:57]} O-O {[%clk 1:06:48]} 16. Rad1
{[%clk 1:19:24]} Rfe8 {[%clk 1:04:25]} 17. Bb1 {[%clk 1:19:47]} g6
{[%clk 1:02:04]} 18. Rfe1 {[%clk 1:20:11]} Rc7 {[%clk 0:57:13]} 19. f3
{[%clk 1:19:00]} Ba8 {[%clk 0:54:25]} 20. Kf2 {[%clk 1:18:55]} Rec8
{[%clk 0:53:43]} 21. Ba3 {[%clk 1:13:19]} Nc5 {[%clk 0:52:03]} 22. g3
{[%clk 1:06:23]} Nf6 {[%clk 0:51:19]} 23. Bb2 {[%clk 1:00:55]} Ncd7
{[%clk 0:47:25]} 24. g4 {[%clk 0:49:36]} Ne5 {[%clk 0:42:41]} 25. Kg3
{[%clk 0:46:18]} g5 {[%clk 0:42:29]} 26. h3 {[%clk 0:37:57]} Nfd7
{[%clk 0:40:28]} 27. Ndb5 {[%clk 0:31:54]} axb5 {[%clk 0:40:38]} 28. Nxb5
{[%clk 0:32:19]} Rc6 {[%clk 0:39:04]} 29. Na7 {[%clk 0:32:32]} Rb8
{[%clk 0:32:47]} 30. Nxc6 {[%clk 0:29:30]} Bxc6 {[%clk 0:32:59]} 31. Rd4
{[%clk 0:29:24]} f6 {[%clk 0:31:25]} 32. Red1 {[%clk 0:28:09]} Kf7
{[%clk 0:29:49]} 33. Bc1 {[%clk 0:21:52]} h5 {[%clk 0:26:03]} 34. Be3
{[%clk 0:21:53]} Rh8 {[%clk 0:25:59]} 35. R4d2 {[%clk 0:20:13]} Bd8
{[%clk 0:23:33]} 36. Rxd6 {[%clk 0:15:38]} Bc7 {[%clk 0:23:46]} 37. Kg2
{[%clk 0:14:10]} Bxd6 {[%clk 0:23:31]} 38. Rxd6 {[%clk 0:14:37]} Ke7
{[%clk 0:23:25]} 39. Rd2 {[%clk 0:14:56]} Ng6 {[%clk 0:23:15]} 40. Kg3
{[%clk 0:43:45]} h4+ {[%clk 0:46:14]} 41. Kh2 {[%clk 0:43:46]} Nde5
{[%clk 0:46:08]} 42. Rf2 {[%clk 0:44:08]} Rd8 {[%clk 0:44:06]} 43. Bc2
{[%clk 0:38:52]} b5 {[%clk 0:44:09]} 44. cxb5 {[%clk 0:39:15]} Bxb5
{[%clk 0:44:33]} 45. a4 {[%clk 0:39:37]} Bd3 {[%clk 0:44:29]} 46. Bd1
{[%clk 0:37:26]} Bxe4 {[%clk 0:44:24]} 47. fxe4 {[%clk 0:37:51]} Rxd1
{[%clk 0:44:49]} 48. b4 {[%clk 0:37:50]} Ra1 {[%clk 0:41:02]} 49. a5
{[%clk 0:38:01]} Nf4 {[%clk 0:40:53]} 50. Bxf4 {[%clk 0:37:22]} gxf4
{[%clk 0:41:13]} 51. Rxf4 {[%clk 0:37:49]} Nd3 {[%clk 0:41:25]} 52. Rf3
{[%clk 0:38:01]} Nxb4 {[%clk 0:41:09]} 53. e5 {[%clk 0:37:43]} fxe5
{[%clk 0:41:02]} 54. g5 {[%clk 0:38:02]} Ra2+ {[%clk 0:41:14]} 55. Kg1
{[%clk 0:37:54]} Nd5 {[%clk 0:40:24]} 56. g6 {[%clk 0:38:13]} Nf4
{[%clk 0:40:34]} 0-1

[Event "Moscow Open 2016 A"]
[Site "?"]
[Date "2016.02.05"]
[Round "7.7"]
[White "Moskalenko, Alexander"]
[Black "Frolyanov, Dmitry"]
[Result "1-0"]
[BlackElo "2563"]
[WhiteElo "2442"]
[LiveChessVersion "1.4.7"]

1. d4 {[%clk 1:23:28]} d5 {[%clk 1:30:54]} 2. Bf4 {[%clk 1:23:50]} Nf6
{[%clk 1:31:17]} 3. e3 {[%clk 1:24:15]} c5 {[%clk 1:31:42]} 4. dxc5
{[%clk 1:24:15]} e6 {[%clk 1:30:54]} 5. b4 {[%clk 1:24:03]} a5 {[%clk 1:27:53]}
6. c3 {[%clk 1:24:14]} Nc6 {[%clk 1:28:17]} 7. Bb5 {[%clk 1:24:20]} Bd7
{[%clk 1:27:51]} 8. Qb3 {[%clk 1:23:49]} Ne4 {[%clk 1:21:39]} 9. f3
{[%clk 1:23:20]} g5 {[%clk 1:14:24]} 10. Bxc6 {[%clk 1:23:26]} Bxc6
{[%clk 1:12:03]} 11. Be5 {[%clk 1:23:17]} f6 {[%clk 1:12:28]} 12. Bd4
{[%clk 1:23:26]} e5 {[%clk 1:09:21]} 13. fxe4 {[%clk 1:23:42]} axb4
{[%clk 0:58:49]} 14. cxb4 {[%clk 1:08:44]} exd4 {[%clk 0:59:04]} 15. Nf3
{[%clk 1:08:42]} dxe3 {[%clk 0:49:35]} 16. Nc3 {[%clk 1:06:47]} dxe4
{[%clk 0:44:11]} 17. Rd1 {[%clk 1:03:09]} Qe7 {[%clk 0:34:18]} 18. Nd4
{[%clk 1:03:00]} e2 {[%clk 0:34:31]} 19. Rd2 {[%clk 0:32:30]} Qe5
{[%clk 0:34:04]} 20. Nxc6 {[%clk 0:32:01]} bxc6 {[%clk 0:34:30]} 21. Nxe4
{[%clk 0:30:15]} Qa1+ {[%clk 0:21:15]} 22. Kxe2 {[%clk 0:30:08]} Qxh1
{[%clk 0:21:39]} 23. Qe6+ {[%clk 0:28:42]} Be7 {[%clk 0:22:06]} 24. Nd6+
{[%clk 0:29:02]} Kd8 {[%clk 0:22:32]} 25. Nf5+ {[%clk 0:29:23]} Kc7
{[%clk 0:22:58]} 26. Qxe7+ {[%clk 0:29:42]} Kb8 {[%clk 0:23:23]} 27. Rd8+
{[%clk 0:29:58]} Rxd8 {[%clk 0:23:49]} 28. Qxd8+ {[%clk 0:30:22]} 1-0